| 000 | 00468nam a2200193Ia 4500 | ||
|---|---|---|---|
| 001 | 599 | ||
| 003 | IN-NITTTR | ||
| 005 | 20251114232859.0 | ||
| 008 | 251113s9999||||xx |||||||||||||| ||eng|| | ||
| 040 | _beng | ||
| 040 | _cIN-NITTTR | ||
| 041 | _aeng | ||
| 082 | _a604.2 S66M | ||
| 100 | _aSerebryakov, A. | ||
| 245 | 0 |
_aMechanical drawing. / _cSerebryakov, A., Yankovsky, K., Pleshkin, M. |
|
| 700 | _a Pleshkin, M. | ||
| 700 | _a Yankovsky, K. | ||
| 942 |
_2ddc _cBK |
||
| 999 |
_c185 _d185 |
||